00413pab a2200145 454500008004000000100002000040245007500060260000900135300001300144362001100157650002300168700002200191700002000213773003400233180718b2011 xxu||||| |||| 00| 0 eng d aMundle, Sudipto aStimulus, recovery and exit policy: G20 experience and Indian strategy c2011 ap.85-94. a16 Jul aEconomic recession aBhanumurthy, N.R. aRao, M. Govinda aEconomic and Political Weekly